000 00692nam a2200265Ia 4500
005 20260121172942.0
008 008 260114s9999 xx 000 0 eng d
020 _a9783030900298
037 _aEBOOK
040 _aCRL
040 _beng
040 _cCRL
041 _2eng
041 _aeng
084 _qCRL
100 _aIgor Borisovich Shubinsky, Alexei Mikhailovitch Zamyshlaev
_91094793
245 0 _aTechnical Asset Management for Railway Transport
260 _bSpringer
260 _bSpringer
260 _c2022
856 _uhttps://link.springer.com/openurl?genre=book&isbn=978-3-030-90029-8
942 _cEBOOK
999 _c1660535
_d1660535